[Event "GER-chT U20"]
[Site "Osnabrueck"]
[Date "2010.12.29"]
[Round "5.5"]
[White "Pretz, Dominik"]
[Black "Nieke, Gottfried"]
[Result "1/2-1/2"]
[WhiteElo "1539"]
[BlackElo "1430"]
[PlyCount "101"]
[EventDate "2010.12.27"]
[EventType "team-swiss"]
[EventRounds "7"]
[EventCountry "GER"]
[SourceTitle "CBM 140 Extra"]
[Source "ChessBase"]
[SourceDate "2011.03.01"]
[SourceVersion "1"]
[SourceVersionDate "2011.03.01"]
[SourceQuality "1"]
[WhiteTeam "Bendorf"]
[BlackTeam "Dresden USV"]
[WhiteTeamCountry "GER"]
[BlackTeamCountry "GER"]

1. d4 d5 2. c4 e6 3. Nc3 c6 4. Nf3 Bd6 5. e3 Nf6 6. Bd3 Nbd7 7. 0-0 0-0 8. e4 dxe4 9. Nxe4 Nxe4 10. Bxe4 Nf6 11. Qc2 h6 12. Re1 Qc7 13. a3 a5 14. b3 b6 15. Bb2 Be7 16. Ne5 Bb7 17. Rad1 Rac8 18. Bc3 Rfd8 19. b4 axb4 20. axb4 c5 21. Bxb7 Qxb7 22. dxc5 bxc5 23. b5 Rxd1 24. Rxd1 Rd8 25. Rxd8+ Bxd8 26. Nc6 Be7 27. Nxe7+ Qxe7 28. Qb2 Qd6 29. h3 Qd1+ 30. Kh2 Ne4 31. Bxg7 Nxf2 32. Qxf2 Kxg7 33. Qxc5 Qd2 34. Qe5+ f6 35. Qg3+ Kf7 36. b6 Qd7 37. Qc7 Ke8 38. Qf4 Qc6 39. c5 Kd7 40. Qxh6 Qxc5 41. Qg7+ Kc8 42. Qc7+ Qxc7+ 43. bxc7 Kxc7 44. Kg3 Kd7 45. Kg4 Ke7 46. h4 Kf7 47. Kf4 Kg7 48. g4 Kg6 49. g5 f5 50. Ke5 Kh5 51. Kf4 1/2-1/2